000 00342nam a22001337a 4500
020 _a978-1-921209-22-2
082 _a500
_bSCI
100 _aAllan R. Glanville
_947452
245 _aScientifica
_cAllan R. Glanville
300 _a511p.:
_bill,;
_c50 cm.
526 _a0
_b0
_c0
_d500_000000000000000_SCI
650 _aMCE
_9379
942 _2ddc
_cBK
999 _c550705
_d550705